La mythologie grecque - Les noms en A - Statistiques

Statistiques générales
  • Ce quiz a été pris 1 037 fois
  • Le résultat moyen est 10 sur 17
Statistiques - réponses
Indice Réponse % Correct
Déesse de l'amour Aphrodite
94%
Déesse de la sagesse guerrière Athéna
94%
Le plus fort des Achéens Achille
92%
Déesse de la chasse Artémis
92%
Dieu particulièrement violent Arès
89%
Il soutient la voûte céleste Atlas
80%
Célèbre pour son fil Ariane
79%
Frère de Ménélas et roi de Mycènes Agamemnon
68%
Médecin devenu dieu Asclépios
60%
Souvent surnommé Phoebus Apollon
55%
Héros ayant combattu dans la guerre de Troie, surnommé "le grand" Ajax
50%
Fille d'Oedipe Antigone
44%
Femme d'Hector Andromaque
35%
Épouse de Poséidon Amphitrite
34%
Géant aux cent yeux Argos
28%
Mère d'Héraclès Alcmène
23%
Roi des Phéaciens Alcinoos
6%
Aucun quiz correspondant
Distribution des résultats
% des personnes avec chaque résultat
Percentile par nombre de réponses
Votre historique - résultats
Vous n’avez pas pris ce quiz